000 03469nam a2200337 i 4500
001 768714001
003 CO-MdFUSB
005 20230207143142.0
007 ta
008 230207t1999 -us |||| |||| 00| 0 eng d
020 _a0805401067
040 _aCO-MdFUSB
_bspa
_cCO-MdFUSB
_dCO-MdFUSBC
_erda
041 _aeng
082 _223
_a222.307
_bB651
100 _aBlock, Daniel I.
_eautor
245 _aJudges, Ruth
_c/ Daniel I. Block
264 1 _aEstados Unidos :
_bBroadman and Holman Publishers,
_c[1999]
264 4 _c© 1999
300 _a756 págoinas
_c; 24 cm
336 _2rdacontent
_atexto
_btxt
337 _2rdamedia
_asin mediación
_bn
338 _2rdacarrier
_avolumen
_bnc
490 _aThe New American Commentary,
505 _aJueces: El trasfondo de la cananización de Israel: el fracaso de Israel en la guerra santa (1:1 3:6). -- La respuesta de Dios a la cananización de Israel: los ciclos de apostasía y liberación (3:7 - 16:31. -- Clímax: la profundidad de la cananización de Israel (17:1 21:25). -- Piedad. -- Acto. 1: La crisis de la línea real (1:1 21). -- Acto 2: El rayo de esperanza para el linaje real (1:22 2:23). -- Acto 3: La complicación para la línea real (3:1 8). -- Acto 4: El rescate de la línea real (4:1-17). -- Epílogo: La genealogía de la línea real (4:18 -22).
520 _aLos libros de Jueces y Rut presentan dos cuadros drásticamente diferentes del pueblo israelita al final del segundo milenio a. C. Por un lado, el libro de Jueces declara que si el pueblo de Dios alguna vez olvida la gracia que Él ha prodigado sobre ellos en la redención, relación de pacto, y la revelación de su voluntad, el deslizamiento hacia la apostasía es inevitable. Repetidamente en el libro, por pura misericordia, Dios rescata a su pueblo del triste destino que ellos, por su propia infidelidad y mala conducta, se han acarreado a sí mismos. El libro de Jueces enseña a sus lectores de todas las épocas que cuanto más oscuro es el corazón humano, más brillante es la luz de la gracia de Dios. Pero luego está el libro de Rut. Al colocar este encantador pequeño tratado después de los deprimentes relatos de los jueces y sus compatriotas, se nos recuerda que Dios El reino de Dios no se construye con fuerza sino con su Espíritu. Además, se nos instruye que la obra del Señor no se lleva a cabo tanto por líderes poderosos y carismáticos, sino por personas comunes, que en sus asuntos diarios muestran la obra transformadora del Espíritu de Dios. Los personajes de este libro inspiran a los lectores a regocijarse en el hesed (gracia, misericordia, bondad, amor, fidelidad, etc., todo en una hermosa palabra hebrea) que experimentan de Dios y a encarnar ese mismo hesed en su familia y comunidad. relaciones - Prefacio Los personajes de este libro inspiran a los lectores a regocijarse en el hesed (gracia, misericordia, bondad, amor, fidelidad, etc., todo en una hermosa palabra hebrea) que experimentan de Dios y a encarnar ese mismo hesed en su familia y comunidad. relaciones - Prefacio Los personajes de este libro inspiran a los lectores a regocijarse en el hesed (gracia, misericordia, bondad, amor, fidelidad, etc., todo en una hermosa palabra hebrea) que experimentan de Dios y a encarnar ese mismo hesed en su familia y comunidad. relaciones -
563 _aPasta dura
630 0 7 _aBiblia.
_pAntiguo Testamento
942 _cBK
945 _aJTF-925
999 _c68395
_d68395